Implementácia zeleného marketingu v podnikovohospodárskej praxi bakalárska práca

Gespeichert in:
Bibliographische Detailangaben
1. Verfasser: Horváthová, Katarína
Körperschaft: Podnikovohospodárska fakulta EU so sídlom v Košiciach. Katedra ekonómie
Weitere Verfasser: Andrejovský, Pavol, 1975-
Format: Buch
Sprache:Slowakisch
Veröffentlicht: Košice 2023
Tags: Tag hinzufügen
Keine Tags, Fügen Sie das erste Tag hinzu!

MARC

LEADER 00000nbm a2200000 4500
001 0294413
005 20240827092411.3
041 0 |a slo 
044 |a SK 
245 1 0 |a Implementácia zeleného marketingu v podnikovohospodárskej praxi  |b bakalárska práca  |c Katarína Horváthová ; školiteľ: Michal Stričík 
264 1 |a Košice  |c 2023 
300 |a 38 s. 
100 1 |a Horváthová, Katarína 
700 1 |a Andrejovský, Pavol, 1975- 
710 2 |a Podnikovohospodárska fakulta EU so sídlom v Košiciach. Katedra ekonómie